=LDR 00000nam 2200000 4500 =001 INLIS000000000031580 =005 20130612133638 =008 ***********************************ind** =035 ##$$0010-061300000031580 =041 ##$$a ind =082 ##$$a 813 =090 ##$$a 813, Isk, s =100 ##$$a Iskandar, Nur ST =245 ##$$a Salah Pilih, Nur ST Iskandar =260 ##$$a 2008 $b Jakarta =300 ##$$a vii, 262 hlm., 21 cm =650 ##$$a FIKSI INDONESIA =850 ##$$a NBPNMAT =990 ##$$a 0001/BPAP-NTB/20142015